000 00450 a2200133 4500
001 ART_61525
005 20260410161802.0
008 260409a
245 1 0 _aPrincipios del derecho administrativo y su relación con las facturas calificadas como "apócrifas"
100 1 _aGotlib, Gabriel
700 1 _aVaquero, Fernando M.
700 1 _aMazzilli, Santiago T.
773 0 _tDoctrina tributaria
_g- Nº 535 (oct. 2024)
_wREV4296
999 _c20656
_d20656